[Event "HSG Open 2019 A"]
[Site "Hilversum"]
[Date "2019.06.23"]
[Round "5.6"]
[White "Beerdsen, Thomas"]
[Black "Bekker, Stefan"]
[Result "1-0"]
[BlackElo "2262"]
[WhiteElo "2488"]
[LiveChessVersion "1.4.8"]

1. e4 {[%clk 1:49:08]} c5 {[%clk 1:50:15]} 2. Nf3 {[%clk 1:49:13]} d6
{[%clk 1:50:21]} 3. d4 {[%clk 1:49:19]} cxd4 {[%clk 1:50:28]} 4. Nxd4
{[%clk 1:49:24]} Nf6 {[%clk 1:50:33]} 5. Nc3 {[%clk 1:49:29]} a6 {[%clk 1:50:39]}
6. h3 {[%clk 1:49:36]} e6 {[%clk 1:50:32]} 7. g4 {[%clk 1:49:31]} h6
{[%clk 1:50:34]} 8. Bg2 {[%clk 1:49:37]} Be7 {[%clk 1:50:29]} 9. b3
{[%clk 1:49:43]} Qc7 {[%clk 1:46:45]} 10. Bb2 {[%clk 1:49:47]} Nc6
{[%clk 1:42:59]} 11. Qd2 {[%clk 1:35:46]} Nxd4 {[%clk 1:33:04]} 12. Qxd4
{[%clk 1:34:31]} e5 {[%clk 1:32:44]} 13. Qd2 {[%clk 1:22:20]} Bd7
{[%clk 1:31:44]} 14. O-O-O {[%clk 1:16:08]} Bc6 {[%clk 1:20:19]} 15. Kb1
{[%clk 1:14:54]} O-O-O {[%clk 1:16:59]} 16. Rhe1 {[%clk 1:10:42]} Kb8
{[%clk 1:11:36]} 17. Re3 {[%clk 1:00:22]} Rc8 {[%clk 1:09:03]} 18. Bf1
{[%clk 0:56:35]} Rhd8 {[%clk 1:01:33]} 19. Bc4 {[%clk 0:54:17]} Bf8
{[%clk 1:00:48]} 20. a4 {[%clk 0:47:47]} Ka8 {[%clk 1:00:45]} 21. f3
{[%clk 0:46:49]} Rd7 {[%clk 0:54:10]} 22. Rd3 {[%clk 0:44:45]} Qb6
{[%clk 0:48:03]} 23. Ba3 {[%clk 0:39:13]} Bxe4 {[%clk 0:29:32]} 24. fxe4
{[%clk 0:32:18]} Rxc4 {[%clk 0:29:21]} 25. a5 {[%clk 0:32:16]} Qxa5
{[%clk 0:28:19]} 26. bxc4 {[%clk 0:31:34]} Qxa3 {[%clk 0:27:59]} 27. Nd5
{[%clk 0:31:08]} Qc5 {[%clk 0:28:01]} 28. Qe3 {[%clk 0:27:00]} Qxe3
{[%clk 0:25:45]} 29. Rxe3 {[%clk 0:26:52]} Nxd5 {[%clk 0:25:48]} 30. cxd5
{[%clk 0:26:51]} Be7 {[%clk 0:23:35]} 31. Rdd3 {[%clk 0:23:49]} Bd8
{[%clk 0:23:24]} 32. Rf3 {[%clk 0:22:55]} Bb6 {[%clk 0:22:43]} 33. Rf5
{[%clk 0:22:08]} f6 {[%clk 0:22:35]} 34. h4 {[%clk 0:19:31]} Rc7 {[%clk 0:20:46]}
35. g5 {[%clk 0:19:35]} hxg5 {[%clk 0:20:51]} 36. hxg5 {[%clk 0:19:41]} fxg5
{[%clk 0:20:50]} 37. Rxg5 {[%clk 0:19:46]} Bc5 {[%clk 0:11:25]} 38. Rdg3
{[%clk 0:19:03]} Rf7 {[%clk 0:08:53]} 39. Rf5 {[%clk 0:19:07]} Rc7
{[%clk 0:08:46]} 40. Rgf3 {[%clk 0:17:58]} Ka7 {[%clk 0:06:02]} 41. Rf7
{[%clk 0:17:54]} Rxf7 {[%clk 0:04:30]} 42. Rxf7 {[%clk 0:17:59]} g5
{[%clk 0:04:36]} 43. Rg7 {[%clk 0:17:47]} a5 {[%clk 0:04:35]} 44. Kb2
{[%clk 0:17:00]} a4 {[%clk 0:04:15]} 45. Rxg5 {[%clk 0:16:48]} Ka6
{[%clk 0:04:23]} 46. Rg8 {[%clk 0:15:49]} b5 {[%clk 0:02:23]} 47. Rc8
{[%clk 0:14:41]} b4 {[%clk 0:02:19]} 48. c3 {[%clk 0:13:23]} b3 {[%clk 0:01:20]}
49. Rb8 {[%clk 0:12:56]} Ka7 {[%clk 0:00:28]} 50. Rb5 {[%clk 0:12:55]} Ka6
{[%clk 0:00:35]} 51. c4 {[%clk 0:12:52]} Bd4+ {[%clk 0:00:11]} 52. Ka3
{[%clk 0:12:57]} 1-0

[Event "HSG Open 2019 A"]
[Site "Hilversum"]
[Date "2019.06.23"]
[Round "5.7"]
[White "Fieberg, Samuel"]
[Black "De Rover, Yong Hoon"]
[Result "1/2-1/2"]
[BlackElo "2395"]
[WhiteElo "2185"]
[LiveChessVersion "1.4.8"]

1. e4 {[%clk 1:50:17]} c5 {[%clk 1:49:32]} 2. Nf3 {[%clk 1:50:22]} d6
{[%clk 1:49:07]} 3. d4 {[%clk 1:50:16]} cxd4 {[%clk 1:49:07]} 4. Nxd4
{[%clk 1:50:23]} Nf6 {[%clk 1:49:03]} 5. Nc3 {[%clk 1:50:30]} a6 {[%clk 1:48:57]}
6. Be2 {[%clk 1:49:00]} e5 {[%clk 1:46:38]} 7. Nb3 {[%clk 1:49:07]} Be7
{[%clk 1:46:39]} 8. Be3 {[%clk 1:49:08]} Be6 {[%clk 1:43:46]} 9. O-O
{[%clk 1:49:09]} Nbd7 {[%clk 1:43:25]} 10. Qd3 {[%clk 1:44:34]} Rc8
{[%clk 1:33:21]} 11. Nd5 {[%clk 1:43:14]} Bxd5 {[%clk 1:32:04]} 12. exd5
{[%clk 1:43:17]} Nb6 {[%clk 1:31:53]} 13. Bxb6 {[%clk 1:36:36]} Qxb6
{[%clk 1:31:42]} 14. a4 {[%clk 1:36:34]} O-O {[%clk 1:17:29]} 15. a5
{[%clk 1:36:38]} Qb4 {[%clk 1:16:41]} 16. Ra3 {[%clk 1:34:26]} Qe4
{[%clk 0:41:40]} 17. Qxe4 {[%clk 1:25:50]} Nxe4 {[%clk 0:41:41]} 18. f3
{[%clk 1:25:25]} Nf6 {[%clk 0:40:02]} 19. c4 {[%clk 1:25:22]} Nd7
{[%clk 0:39:42]} 20. Nd2 {[%clk 1:23:03]} f5 {[%clk 0:38:51]} 21. b4
{[%clk 1:15:49]} Bg5 {[%clk 0:38:39]} 22. Rd1 {[%clk 1:15:25]} Nf6
{[%clk 0:33:46]} 23. g3 {[%clk 1:12:26]} h5 {[%clk 0:30:31]} 24. Kg2
{[%clk 1:08:21]} Rfe8 {[%clk 0:21:37]} 25. Nf1 {[%clk 0:58:32]} g6
{[%clk 0:20:01]} 26. Rc3 {[%clk 0:57:34]} Nd7 {[%clk 0:19:27]} 27. Nd2
{[%clk 0:56:12]} Bxd2 {[%clk 0:14:26]} 28. Rxd2 {[%clk 0:56:15]} Kf8
{[%clk 0:13:52]} 29. Bd1 {[%clk 0:50:14]} Red8 {[%clk 0:13:20]} 30. Ba4
{[%clk 0:48:25]} Nf6 {[%clk 0:13:16]} 31. Bb3 {[%clk 0:48:24]} Nd7
{[%clk 0:12:32]} 32. h3 {[%clk 0:32:46]} Ke7 {[%clk 0:12:28]} 33. Rf2
{[%clk 0:31:22]} Nf6 {[%clk 0:11:50]} 34. Rd2 {[%clk 0:31:23]} Nd7
{[%clk 0:11:06]} 35. Rf2 {[%clk 0:24:31]} Nf6 {[%clk 0:11:02]} 36. Rd2
{[%clk 0:24:34]} 1/2-1/2

[Event "HSG Open 2019 A"]
[Site "Hilversum"]
[Date "2019.06.23"]
[Round "5.8"]
[White "Zoun, Rogier"]
[Black "Miedema, David"]
[Result "0-1"]
[BlackElo "2374"]
[WhiteElo "1971"]
[LiveChessVersion "1.4.8"]

1. e4 {[%clk 1:49:11]} c5 {[%clk 1:50:14]} 2. Nf3 {[%clk 1:49:17]} Nc6
{[%clk 1:50:20]} 3. d4 {[%clk 1:49:21]} cxd4 {[%clk 1:50:25]} 4. Nxd4
{[%clk 1:49:28]} Nf6 {[%clk 1:50:29]} 5. Nc3 {[%clk 1:49:32]} e5 {[%clk 1:50:35]}
6. Ndb5 {[%clk 1:49:04]} d6 {[%clk 1:50:37]} 7. Bg5 {[%clk 1:48:55]} a6
{[%clk 1:50:42]} 8. Na3 {[%clk 1:49:00]} b5 {[%clk 1:50:46]} 9. Nd5
{[%clk 1:48:59]} Be7 {[%clk 1:50:50]} 10. Bxf6 {[%clk 1:49:04]} Bxf6
{[%clk 1:50:56]} 11. c3 {[%clk 1:49:09]} Rb8 {[%clk 1:49:51]} 12. Nc2
{[%clk 1:47:41]} Bg5 {[%clk 1:45:36]} 13. Nce3 {[%clk 1:42:27]} O-O
{[%clk 1:44:52]} 14. h4 {[%clk 1:37:44]} Bxe3 {[%clk 1:44:11]} 15. Nxe3
{[%clk 1:37:34]} Ne7 {[%clk 1:42:57]} 16. Bd3 {[%clk 1:27:55]} Be6
{[%clk 1:42:07]} 17. Qc2 {[%clk 1:23:09]} h6 {[%clk 1:38:14]} 18. a4
{[%clk 1:17:38]} bxa4 {[%clk 1:36:31]} 19. Qxa4 {[%clk 1:17:10]} Rxb2
{[%clk 1:33:43]} 20. Bxa6 {[%clk 1:10:31]} d5 {[%clk 1:27:17]} 21. O-O
{[%clk 1:05:05]} Qc7 {[%clk 1:02:08]} 22. exd5 {[%clk 0:46:00]} Nxd5
{[%clk 1:01:04]} 23. Nxd5 {[%clk 0:43:19]} Bxd5 {[%clk 1:01:09]} 24. c4
{[%clk 0:38:24]} Ba8 {[%clk 1:00:22]} 25. Rac1 {[%clk 0:36:42]} Qc5
{[%clk 0:59:38]} 26. Rc3 {[%clk 0:33:39]} Qd4 {[%clk 0:56:36]} 27. Qa3
{[%clk 0:29:41]} Rb6 {[%clk 0:55:59]} 28. Rg3 {[%clk 0:21:15]} Qxh4
{[%clk 0:50:23]} 29. Re1 {[%clk 0:17:51]} e4 {[%clk 0:38:01]} 30. Qc3
{[%clk 0:14:22]} Rf6 {[%clk 0:37:59]} 31. Bb5 {[%clk 0:13:16]} Qf4
{[%clk 0:37:51]} 32. Qd4 {[%clk 0:11:45]} Kh7 {[%clk 0:33:42]} 33. Ra1
{[%clk 0:09:30]} Bb7 {[%clk 0:27:43]} 34. Ra7 {[%clk 0:09:27]} Rd8
{[%clk 0:26:22]} 35. Qxd8 {[%clk 0:07:44]} Qxf2+ {[%clk 0:26:21]} 36. Kh2
{[%clk 0:07:51]} Qxa7 {[%clk 0:26:17]} 37. Qf8 {[%clk 0:06:52]} g6
{[%clk 0:23:14]} 38. Bd7 {[%clk 0:00:22]} Rf1 {[%clk 0:17:46]} 39. c5
{[%clk 0:00:13]} Qa1 {[%clk 0:17:44]} 40. Rh3 {[%clk 0:00:11]} Qe5+
{[%clk 0:17:32]} 41. Rg3 {[%clk 0:00:11]} Qa1 {[%clk 0:16:38]} 42. Rh3
{[%clk 0:00:21]} Rh1+ {[%clk 0:16:40]} 43. Kg3 {[%clk 0:00:30]} Qc3+
{[%clk 0:15:55]} 0-1

[Event "HSG Open 2019 A"]
[Site "Hilversum"]
[Date "2019.06.23"]
[Round "5.9"]
[White "Ootes, Lars"]
[Black "Wunnink, Michael"]
[Result "1-0"]
[BlackElo "2213"]
[WhiteElo "2355"]
[LiveChessVersion "1.4.8"]

1. e4 {[%clk 1:46:19]} e5 {[%clk 1:50:02]} 2. Nf3 {[%clk 1:46:16]} Nf6
{[%clk 1:49:53]} 3. Nxe5 {[%clk 1:45:49]} d6 {[%clk 1:49:56]} 4. Nf3
{[%clk 1:38:34]} Nxe4 {[%clk 1:49:58]} 5. Bd3 {[%clk 1:35:35]} d5
{[%clk 1:48:44]} 6. O-O {[%clk 1:18:55]} Be7 {[%clk 1:48:13]} 7. Re1
{[%clk 1:14:01]} Nd6 {[%clk 1:47:02]} 8. Qe2 {[%clk 1:07:17]} Nc6
{[%clk 1:40:06]} 9. Nc3 {[%clk 0:51:43]} Be6 {[%clk 1:38:47]} 10. Nb5
{[%clk 0:37:14]} Bf6 {[%clk 1:03:37]} 11. Nxd6+ {[%clk 0:30:01]} Qxd6
{[%clk 1:03:25]} 12. Bf5 {[%clk 0:28:26]} Nd8 {[%clk 0:38:55]} 13. Bxe6
{[%clk 0:19:49]} Nxe6 {[%clk 0:38:15]} 14. Qb5+ {[%clk 0:19:06]} Qc6
{[%clk 0:36:48]} 15. Qxc6+ {[%clk 0:19:01]} bxc6 {[%clk 0:36:52]} 16. d4
{[%clk 0:16:40]} O-O {[%clk 0:34:01]} 17. Rd1 {[%clk 0:14:12]} c5
{[%clk 0:29:31]} 18. dxc5 {[%clk 0:13:32]} c6 {[%clk 0:29:13]} 19. c3
{[%clk 0:12:34]} Nxc5 {[%clk 0:28:54]} 20. Nd4 {[%clk 0:12:26]} Rfc8
{[%clk 0:27:07]} 21. Rb1 {[%clk 0:07:52]} g6 {[%clk 0:22:06]} 22. f3
{[%clk 0:07:20]} Rab8 {[%clk 0:21:40]} 23. Bf4 {[%clk 0:06:50]} Rb7
{[%clk 0:21:21]} 24. b3 {[%clk 0:06:36]} Ne6 {[%clk 0:19:32]} 25. Be3
{[%clk 0:06:03]} c5 {[%clk 0:18:50]} 26. Nxe6 {[%clk 0:04:50]} fxe6
{[%clk 0:18:55]} 27. Rbc1 {[%clk 0:05:00]} a5 {[%clk 0:17:45]} 28. Bd2
{[%clk 0:04:09]} c4 {[%clk 0:16:55]} 29. b4 {[%clk 0:03:20]} axb4
{[%clk 0:15:45]} 30. cxb4 {[%clk 0:03:29]} c3 {[%clk 0:13:46]} 31. a3
{[%clk 0:03:38]} Rbc7 {[%clk 0:13:31]} 32. Bf4 {[%clk 0:03:46]} e5
{[%clk 0:12:50]} 33. Bg3 {[%clk 0:03:45]} c2 {[%clk 0:11:48]} 34. Rxd5
{[%clk 0:03:51]} Bg5 {[%clk 0:10:33]} 35. f4 {[%clk 0:04:00]} exf4
{[%clk 0:10:24]} 36. Bf2 {[%clk 0:02:07]} Rc4 {[%clk 0:04:54]} 37. Rxg5
{[%clk 0:01:52]} Rd8 {[%clk 0:01:56]} 38. Re5 {[%clk 0:02:01]} Rc3
{[%clk 0:01:06]} 39. b5 {[%clk 0:01:15]} Rd1+ {[%clk 0:00:58]} 40. Re1
{[%clk 0:01:24]} Rxc1 {[%clk 0:00:50]} 41. Rxc1 {[%clk 0:01:33]} Rd3
{[%clk 0:00:49]} 42. Rxc2 {[%clk 0:01:07]} Rd1+ {[%clk 0:00:58]} 43. Be1
{[%clk 0:01:16]} Rxe1+ {[%clk 0:01:06]} 44. Kf2 {[%clk 0:01:26]} Rb1
{[%clk 0:00:23]} 45. Rc5 {[%clk 0:01:35]} Rb2+ {[%clk 0:00:18]} 46. Kf3
{[%clk 0:01:16]} Rb3+ {[%clk 0:00:27]} 47. Kxf4 {[%clk 0:01:25]} Rxa3
{[%clk 0:00:36]} 48. Ke5 {[%clk 0:01:17]} Ra2 {[%clk 0:00:28]} 49. Kd6
{[%clk 0:01:18]} Rxg2 {[%clk 0:00:24]} 50. b6 {[%clk 0:01:27]} Rxh2
{[%clk 0:00:15]} 51. b7 {[%clk 0:00:43]} Rb2 {[%clk 0:00:19]} 52. Rc8+
{[%clk 0:00:46]} Kf7 {[%clk 0:00:20]} 53. b8=Q {[%clk 0:00:54]} Rxb8
{[%clk 0:00:29]} 54. Rxb8 {[%clk 0:01:03]} Kf6 {[%clk 0:00:35]} 55. Kd5
{[%clk 0:01:06]} Kf5 {[%clk 0:00:42]} 56. Kd4 {[%clk 0:01:02]} h5
{[%clk 0:00:44]} 57. Ke3 {[%clk 0:01:11]} Kg4 {[%clk 0:00:52]} 58. Rb4+
{[%clk 0:01:13]} Kg3 {[%clk 0:01:00]} 59. Rb5 {[%clk 0:01:08]} h4
{[%clk 0:01:05]} 60. Rg5+ {[%clk 0:01:13]} Kh2 {[%clk 0:01:13]} 61. Kf2
{[%clk 0:00:44]} h3 {[%clk 0:01:18]} 62. Rxg6 {[%clk 0:00:51]} Kh1
{[%clk 0:01:27]} 63. Rg1+ {[%clk 0:01:00]} Kh2 {[%clk 0:01:35]} 64. Rg3
{[%clk 0:01:09]} 1-0

[Event "HSG Open 2019 A"]
[Site "Hilversum"]
[Date "2019.06.23"]
[Round "5.10"]
[White "Kusnetsov, Mark"]
[Black "Zwirs, Nico"]
[Result "0-1"]
[BlackElo "2387"]
[WhiteElo "2142"]
[LiveChessVersion "1.4.8"]

1. d4 {[%clk 1:46:07]} Nf6 {[%clk 1:49:57]} 2. Nf3 {[%clk 1:46:12]} d5
{[%clk 1:47:22]} 3. g3 {[%clk 1:45:36]} Bf5 {[%clk 1:42:26]} 4. Bg2
{[%clk 1:43:17]} c6 {[%clk 1:42:06]} 5. O-O {[%clk 1:42:53]} e6 {[%clk 1:42:12]}
6. Nh4 {[%clk 1:39:41]} Bg4 {[%clk 1:41:48]} 7. c4 {[%clk 1:33:05]} Be7
{[%clk 1:35:40]} 8. cxd5 {[%clk 1:25:18]} cxd5 {[%clk 1:33:35]} 9. Nc3
{[%clk 1:25:23]} Nc6 10. h3 {[%clk 1:13:07]} Bh5 {[%clk 1:32:22]} 11. g4
{[%clk 1:03:22]} Bg6 {[%clk 1:27:25]} 12. Nxg6 {[%clk 1:02:36]} hxg6
{[%clk 1:27:34]} 13. Qd3 {[%clk 1:02:39]} Qc7 {[%clk 1:22:27]} 14. Rd1
{[%clk 1:01:23]} Nb4 {[%clk 1:08:52]} 15. Qf3 {[%clk 1:00:00]} O-O
{[%clk 1:04:47]} 16. Bf4 {[%clk 0:56:28]} Qd7 {[%clk 1:04:46]} 17. a3
{[%clk 0:55:45]} Nc6 {[%clk 1:04:33]} 18. Rac1 {[%clk 0:53:10]} Rfd8
{[%clk 0:53:08]} 19. b4 {[%clk 0:26:46]} Rac8 {[%clk 0:45:52]} 20. e3
{[%clk 0:17:02]} a5 {[%clk 0:39:12]} 21. b5 {[%clk 0:15:36]} Na7 {[%clk 0:39:10]}
22. a4 {[%clk 0:14:40]} Ba3 {[%clk 0:34:25]} 23. Rc2 {[%clk 0:14:40]} Ne4
{[%clk 0:33:15]} 24. b6 {[%clk 0:13:56]} Rxc3 {[%clk 0:20:24]} 25. Rxc3
{[%clk 0:13:45]} Nxc3 {[%clk 0:20:32]} 26. bxa7 {[%clk 0:13:48]} Ra8
{[%clk 0:20:19]} 27. e4 {[%clk 0:11:07]} Bb4 {[%clk 0:15:42]} 28. exd5
{[%clk 0:06:41]} Nxd5 {[%clk 0:04:44]} 29. Bb8 {[%clk 0:06:30]} Bd6
{[%clk 0:04:53]} 30. Bxd6 {[%clk 0:06:28]} Qxd6 {[%clk 0:05:02]} 31. Rc1
{[%clk 0:06:34]} Qd7 {[%clk 0:04:30]} 32. Qg3 {[%clk 0:05:55]} Qd8
{[%clk 0:03:52]} 33. Bxd5 exd5 {[%clk 0:04:01]} 34. Rc7 {[%clk 0:04:53]} Rxa7
{[%clk 0:03:57]} 35. Qf4 {[%clk 0:04:56]} Qe8 {[%clk 0:03:05]} 36. Rxf7
{[%clk 0:03:08]} Qxf7 {[%clk 0:03:14]} 37. Qb8+ {[%clk 0:03:10]} Kh7
{[%clk 0:01:57]} 38. Qxa7 {[%clk 0:03:19]} Qf3 {[%clk 0:01:58]} 39. Qc5
{[%clk 0:02:52]} Qd1+ {[%clk 0:02:01]} 40. Kg2 {[%clk 0:03:00]} Qxa4
{[%clk 0:02:09]} 41. Kg3 {[%clk 0:02:18]} Qc6 {[%clk 0:01:56]} 42. Qxa5
{[%clk 0:02:25]} b5 {[%clk 0:01:56]} 43. h4 {[%clk 0:02:30]} Qc4 {[%clk 0:02:01]}
44. Qb6 {[%clk 0:02:31]} b4 {[%clk 0:01:44]} 45. h5 {[%clk 0:02:31]} gxh5
{[%clk 0:01:53]} 46. gxh5 {[%clk 0:02:39]} Qd3+ {[%clk 0:02:01]} 47. Kg4
{[%clk 0:02:27]} b3 {[%clk 0:02:04]} 48. f4 {[%clk 0:02:21]} Qe2+
{[%clk 0:01:42]} 49. Kg5 {[%clk 0:02:30]} Qg2+ {[%clk 0:01:25]} 50. Kf5
{[%clk 0:00:42]} b2 {[%clk 0:01:33]} 51. h6 {[%clk 0:00:30]} b1=Q+
{[%clk 0:01:16]} 0-1

[Event "HSG Open 2019 A"]
[Site "Hilversum"]
[Date "2019.06.23"]
[Round "5.11"]
[White "Vedder, Richard"]
[Black "Keetman, Maaike"]
[Result "1-0"]
[BlackElo "2139"]
[WhiteElo "2290"]
[LiveChessVersion "1.4.8"]

1. Nf3 {[%clk 1:45:40]} Nf6 {[%clk 1:50:09]} 2. g3 {[%clk 1:45:47]} e6
{[%clk 1:50:07]} 3. Bg2 {[%clk 1:45:44]} d5 {[%clk 1:50:07]} 4. O-O
{[%clk 1:45:49]} c5 {[%clk 1:49:49]} 5. d4 {[%clk 1:45:51]} Nc6 {[%clk 1:48:53]}
6. c4 {[%clk 1:45:51]} Be7 {[%clk 1:44:10]} 7. dxc5 {[%clk 1:45:54]} Bxc5
{[%clk 1:43:18]} 8. a3 {[%clk 1:45:59]} dxc4 {[%clk 1:32:36]} 9. Qa4
{[%clk 1:45:31]} O-O {[%clk 1:30:58]} 10. Qxc4 {[%clk 1:45:27]} Bb6
{[%clk 1:28:35]} 11. Nc3 {[%clk 1:44:47]} e5 {[%clk 1:22:25]} 12. Rd1
{[%clk 1:40:32]} Qe7 {[%clk 1:21:17]} 13. Bg5 {[%clk 1:36:31]} Be6
{[%clk 1:18:31]} 14. Qh4 {[%clk 1:27:07]} h6 {[%clk 1:17:08]} 15. Bxf6
{[%clk 1:20:06]} Qxf6 {[%clk 1:17:06]} 16. Qxf6 {[%clk 1:20:11]} gxf6
{[%clk 1:17:14]} 17. Nd5 {[%clk 1:19:49]} Bxd5 {[%clk 1:12:57]} 18. Rxd5
{[%clk 1:19:58]} Rfd8 {[%clk 1:12:34]} 19. Nh4 {[%clk 1:16:31]} Ne7
{[%clk 1:05:31]} 20. Rdd1 {[%clk 1:16:07]} Rab8 {[%clk 0:44:41]} 21. Be4
{[%clk 1:15:12]} Bd4 {[%clk 0:39:45]} 22. Rab1 {[%clk 1:15:07]} b5
{[%clk 0:39:04]} 23. e3 {[%clk 1:15:06]} Bb6 {[%clk 0:38:32]} 24. Kf1
{[%clk 1:15:08]} a5 {[%clk 0:32:17]} 25. Ke2 {[%clk 1:15:11]} Kf8
{[%clk 0:30:13]} 26. Rxd8+ {[%clk 1:13:16]} Rxd8 {[%clk 0:29:53]} 27. Rd1
{[%clk 1:13:17]} Rxd1 {[%clk 0:26:22]} 28. Kxd1 {[%clk 1:13:25]} Bc5
{[%clk 0:25:55]} 29. Kc2 {[%clk 1:13:20]} Ke8 {[%clk 0:25:23]} 30. Bd3
{[%clk 1:12:23]} b4 {[%clk 0:24:46]} 31. a4 {[%clk 1:12:27]} Kd7 {[%clk 0:23:39]}
32. Be4 {[%clk 1:12:17]} Ke6 {[%clk 0:21:43]} 33. g4 {[%clk 1:12:21]} b3+
{[%clk 0:14:07]} 34. Kxb3 {[%clk 1:12:19]} Bb4 {[%clk 0:14:13]} 35. Nf3
{[%clk 1:11:24]} f5 {[%clk 0:13:28]} 36. gxf5+ {[%clk 1:10:23]} Nxf5
{[%clk 0:13:20]} 37. Bxf5+ {[%clk 1:02:28]} Kxf5 {[%clk 0:13:23]} 38. Kc2
{[%clk 1:02:36]} f6 {[%clk 0:11:48]} 39. h3 {[%clk 1:02:38]} Ke4 {[%clk 0:11:04]}
40. Nd2+ {[%clk 1:02:40]} Kd5 {[%clk 0:11:12]} 41. Kd3 {[%clk 1:00:02]} f5
{[%clk 0:10:34]} 42. f3 {[%clk 0:57:20]} Kc5 {[%clk 0:08:18]} 43. Nb3+
{[%clk 0:57:20]} Kd5 {[%clk 0:08:20]} 44. e4+ {[%clk 0:57:25]} fxe4+
{[%clk 0:08:21]} 45. fxe4+ {[%clk 0:57:33]} Kd6 {[%clk 0:08:16]} 46. Kc4
{[%clk 0:57:33]} Kc6 {[%clk 0:08:22]} 47. Nc1 {[%clk 0:57:29]} Bd6
{[%clk 0:07:37]} 48. Nd3 {[%clk 0:57:33]} Bc7 {[%clk 0:07:19]} 49. b4
{[%clk 0:57:28]} axb4 {[%clk 0:07:18]} 50. Nxb4+ {[%clk 0:57:31]} Kd5+ 1-0

[Event "HSG Open 2019 A"]
[Site "Hilversum"]
[Date "2019.06.23"]
[Round "5.12"]
[White "Rademakers, Evert"]
[Black "Van Baar, Esper"]
[Result "1-0"]
[BlackElo "2117"]
[WhiteElo "2247"]
[LiveChessVersion "1.4.8"]

1. d4 {[%clk 1:47:21]} Nf6 {[%clk 1:44:52]} 2. c4 {[%clk 1:47:28]} g6
{[%clk 1:44:58]} 3. Nc3 {[%clk 1:47:31]} Bg7 {[%clk 1:45:03]} 4. e4
{[%clk 1:47:38]} d6 {[%clk 1:45:10]} 5. Nf3 {[%clk 1:47:36]} O-O {[%clk 1:45:12]}
6. Be2 {[%clk 1:47:45]} e5 {[%clk 1:45:10]} 7. O-O {[%clk 1:47:52]} Nc6
{[%clk 1:45:16]} 8. d5 {[%clk 1:47:57]} Ne7 {[%clk 1:45:19]} 9. Ne1
{[%clk 1:47:53]} Nd7 {[%clk 1:45:00]} 10. f3 {[%clk 1:47:55]} f5 {[%clk 1:45:00]}
11. g4 {[%clk 1:48:02]} Kh8 {[%clk 1:37:22]} 12. Be3 {[%clk 1:37:24]} Ng8
{[%clk 1:36:48]} 13. Qd2 {[%clk 1:33:45]} Qh4 {[%clk 1:27:27]} 14. Bg5
{[%clk 1:07:32]} Qh3 {[%clk 1:15:19]} 15. Nd3 {[%clk 0:53:44]} Bh6
{[%clk 1:06:45]} 16. Nb5 {[%clk 0:50:23]} fxg4 {[%clk 0:34:42]} 17. fxg4
{[%clk 0:47:19]} Ndf6 {[%clk 0:30:02]} 18. Nf2 {[%clk 0:37:23]} Qh4
{[%clk 0:22:43]} 19. Bxh4 {[%clk 0:36:03]} Bxd2 {[%clk 0:21:19]} 20. Nxc7
{[%clk 0:36:08]} Rb8 {[%clk 0:20:16]} 21. Nb5 {[%clk 0:28:26]} Be3
{[%clk 0:19:52]} 22. Nxd6 {[%clk 0:27:45]} Bxg4 {[%clk 0:19:43]} 23. Bxg4
{[%clk 0:27:34]} Nxg4 {[%clk 0:19:41]} 24. Kg2 {[%clk 0:27:26]} N4f6
{[%clk 0:11:51]} 25. Nd3 {[%clk 0:25:29]} Bd4 {[%clk 0:10:57]} 26. c5
{[%clk 0:23:11]} Kg7 {[%clk 0:09:33]} 27. Bg3 {[%clk 0:21:55]} Rfd8
{[%clk 0:01:28]} 28. Bxe5 {[%clk 0:16:38]} Bxe5 {[%clk 0:01:38]} 29. Nxe5
{[%clk 0:16:46]} Ne7 {[%clk 0:01:28]} 30. Rac1 {[%clk 0:12:09]} Nc8
{[%clk 0:01:14]} 31. Nec4 {[%clk 0:11:54]} Nxd6 {[%clk 0:00:30]} 32. Nxd6
{[%clk 0:12:03]} b6 {[%clk 0:00:38]} 33. b4 {[%clk 0:11:52]} bxc5
{[%clk 0:00:47]} 34. bxc5 {[%clk 0:12:01]} Rb2+ {[%clk 0:00:49]} 35. Rf2
{[%clk 0:11:42]} Rb4 {[%clk 0:00:59]} 36. c6 {[%clk 0:11:00]} Nxe4
{[%clk 0:00:30]} 37. c7 {[%clk 0:10:56]} Ra8 {[%clk 0:00:13]} 38. Nxe4
{[%clk 0:10:59]} 1-0

[Event "HSG Open 2019 A"]
[Site "Hilversum"]
[Date "2019.06.23"]
[Round "6.1"]
[White "Miedema, David"]
[Black "Van Wely, Loek"]
[Result "0-1"]
[BlackElo "2604"]
[WhiteElo "2374"]
[LiveChessVersion "1.4.8"]

1. e4 {[%clk 1:50:19]} c5 {[%clk 1:49:29]} 2. Nf3 {[%clk 1:50:24]} d6
{[%clk 1:49:29]} 3. d4 {[%clk 1:50:29]} cxd4 {[%clk 1:49:36]} 4. Nxd4
{[%clk 1:50:36]} Nf6 {[%clk 1:49:39]} 5. Nc3 {[%clk 1:50:42]} a6 {[%clk 1:49:41]}
6. Be3 {[%clk 1:50:48]} e5 {[%clk 1:47:16]} 7. Nb3 {[%clk 1:50:47]} Be6
{[%clk 1:47:11]} 8. f3 {[%clk 1:50:52]} h5 {[%clk 1:46:55]} 9. Nd5
{[%clk 1:50:55]} Bxd5 {[%clk 1:44:33]} 10. exd5 {[%clk 1:50:58]} Nbd7
{[%clk 1:44:39]} 11. Qd2 {[%clk 1:50:53]} b6 {[%clk 1:35:05]} 12. O-O-O
{[%clk 1:46:27]} g6 {[%clk 1:32:12]} 13. Kb1 {[%clk 1:45:32]} Bg7
{[%clk 1:30:09]} 14. Be2 {[%clk 1:40:27]} Nc5 {[%clk 1:14:33]} 15. Nxc5
{[%clk 1:32:19]} bxc5 {[%clk 1:14:37]} 16. Qd3 {[%clk 1:22:11]} O-O
{[%clk 1:11:04]} 17. g4 {[%clk 1:19:14]} Rb8 {[%clk 0:50:16]} 18. Qa3
{[%clk 1:12:18]} e4 {[%clk 0:48:45]} 19. gxh5 {[%clk 1:07:51]} exf3
{[%clk 0:36:26]} 20. Bxf3 {[%clk 1:05:43]} Ne4 {[%clk 0:35:17]} 21. Bc1
{[%clk 1:02:33]} Nc3+ {[%clk 0:34:42]} 22. Ka1 {[%clk 1:02:40]} Nxd1
{[%clk 0:34:07]} 23. Bxd1 {[%clk 1:02:14]} Qf6 {[%clk 0:33:05]} 24. hxg6
{[%clk 1:01:33]} Qxg6 {[%clk 0:20:54]} 25. Qh3 {[%clk 0:51:06]} Rfe8
{[%clk 0:14:48]} 26. c3 {[%clk 0:48:38]} Re5 {[%clk 0:14:48]} 27. Qf1
{[%clk 0:44:17]} Rbe8 {[%clk 0:13:28]} 28. Bd2 {[%clk 0:42:37]} Rxd5
{[%clk 0:12:47]} 29. Rg1 {[%clk 0:42:44]} Rf5 {[%clk 0:11:35]} 30. Qxf5
{[%clk 0:41:38]} Qxf5 {[%clk 0:11:31]} 0-1